|
|
|
|
| LEADER |
00000nab a2200000 a 4500 |
| 001 |
vtls000266546 |
| 003 |
SK-MaSNL |
| 005 |
20260305005106.0 |
| 008 |
250422c1986 xo 0 slo |
| 015 |
|
|
|a SNBRB19rr/mm-uuuuu
|
| 035 |
|
|
|a CL0276660
|
| 035 |
|
|
|a urn:nbn:sk:snk-abbgfe
|
| 035 |
|
|
|a (urnnbn)urn:nbn:sk:snk:ar-005cuz
|
| 035 |
|
|
|a (uuid)3f8a8a4b-0ccd-4863-8e38-3ee576c5cfc5
|
| 040 |
|
|
|a SNKBUCL
|b slo
|c SNKBUCL
|e AACR2
|
| 041 |
0 |
|
|a cze
|
| 044 |
|
|
|a xo
|c SK
|
| 080 |
|
|
|a 711.28.025.3(437.10)
|2 1981
|
| 100 |
1 |
|
|a Borovička, Blahomír, 1923-2004
|4 aut
|9 348780
|
| 245 |
1 |
0 |
|a Komplexní obnova hlavního města
|c Blahomír Borovička
|
| 300 |
|
|
|b Obr. 3.
|
| 651 |
|
7 |
|a Praha (Česko)
|2 snkbucl
|9 19313
|
| 655 |
|
7 |
|a články z novín a časopisov
|2 snkbucl
|9 267496
|
| 773 |
0 |
|
|t Technická práca
|g Roč. 38, č. 10 (1986), s. 13-15
|
| 850 |
|
|
|a Slovenská národná knižnica
|
| 852 |
|
|
|a Slovenská národná knižnica
|
| 957 |
|
|
|a 3100
|
| 958 |
|
|
|a article15
|
| 958 |
|
|
|a RK
|
| 958 |
|
|
|a CZ
|
| 958 |
|
|
|a OND
|
| 958 |
|
|
|a EUIPO
|
| 992 |
|
|
|a RBX
|
| 999 |
|
|
|c 3238916
|d 3240846
|